00687 2200265 4500001002100000005001500021035002000036007000300056008004100059020001500100082001100115084001700126100001200143245011600155250001100271260004000282300003500322650001000357990000900367990000900376990000900385990000900394990000900403990000900412INLIS00000000001057920220214110002 a0010-0222000382ta220214 g 0 ind  a9793357398 a636.59 a636.59 KAL k0 aKALIMAN1 aKiat Mengatasi Permasalahan Praktis Memancing Walet Dengan Suara Tiruan :bPengalaman dari indramayu /cKaliman aCet. 1 aJAKARTA :bAgroMedia Pustaka,c2003 avi, 61 hlm :b.ilus ;c23,5 cm 4aWalet a509a a509b a508c a509c a509d a508d